[Event "Czech Open GM 2019"]
[Site "Pardubice"]
[Date "2019.07.22"]
[Round "4.42"]
[White "Voinikonis, Nikita"]
[Black "Hemant, Sharma"]
[Result "0-1"]
[WhiteElo "2137"]
[BlackElo "2355"]
[Annotator "NA"]
[PlyCount "66"]
[EventDate "2019.07.19"]
[EventType "swiss"]
[EventCountry "CZE"]
[SourceTitle "playchess.com"]
[Source "ChessBase"]
[SourceQuality "1"]

1. d4 d5 2. Bg5 Nf6 3. Bxf6 exf6 4. e3 g6 5. c4 Bg7 6. cxd5 Qxd5 7. Nc3 Qd8 8. Bc4 O-O 9. Nge2 f5 10. O-O Nd7 11. Rc1 c6 12. a3 Nf6 13. b4 Qe7 14. Qb3 b5 15. Bd3 a5 16. Rb1 axb4 17. axb4 Be6 18. Qb2 Bh6 19. h3 Rfd8 20. Rfc1 Nd5 21. Nxd5 Bxd5 22. Nc3 Be6 23. Re1 Bg7 24. Be2 f4 25. Bf3 fxe3 26. fxe3 Ra6 27. Qd2 Bf5 28. Rb2 Qh4 29. Qf2 Qe7 30. Bg4 Bxg4 31. hxg4 Ra3 32. Rc1 Qg5 33. Ra2 Bxd4 0-1

[Event "Czech Open GM 2019"]
[Site "Pardubice"]
[Date "2019.07.22"]
[Round "4.42"]
[White "Bartos, Karel"]
[Black "Groetzbach, Julian"]
[Result "1-0"]
[WhiteElo "1901"]
[BlackElo "2269"]
[Annotator "NA"]
[PlyCount "95"]
[EventDate "2019.07.19"]
[EventType "swiss"]
[EventCountry "CZE"]
[SourceTitle "playchess.com"]
[Source "ChessBase"]
[SourceQuality "1"]

1. e4 e5 2. Nf3 Nc6 3. Bb5 a6 4. Ba4 d6 5. c3 Bd7 6. O-O g6 7. Re1 Bg7 8. d3 Nf6 9. Nbd2 O-O 10. Nf1 Re8 11. Bg5 h6 12. Bd2 b5 13. Bb3 Na5 14. Bc2 c5 15. a4 Qb6 16. axb5 axb5 17. b4 Nc6 18. Bb3 Bg4 19. Ne3 Rxa1 20. Qxa1 cxb4 21. Qa2 Re7 22. cxb4 Bxf3 23. gxf3 Ra7 24. Qb2 Nd4 25. Kg2 Qd8 26. Bc3 Nh5 27. Bxd4 exd4 28. Nd5 Qg5+ 29. Kf1 Nf4 30. Nxf4 Qxf4 31. Ke2 Qxh2 32. Ra1 Rc7 33. Rc1 Rc3 34. Ra1 Be5 35. Qa2 Rc7 36. Qa8+ Kg7 37. Qd8 d5 38. Ra8 g5 39. Qg8+ Kf6 40. Ra6+ Ke7 41. Ra8 Kf6 42. Qh8+ Kg6 43. Ra6+ f6 44. Qe8+ Kh7 45. Ra8 Rg7 46. Bxd5 h5 47. Qh8+ Kg6 48. Bf7+ 1-0

[Event "Czech Open GM 2019"]
[Site "Pardubice"]
[Date "2019.07.22"]
[Round "4.43"]
[White "Grela, Kacper"]
[Black "Vakulenko, Oleksandr"]
[Result "1-0"]
[WhiteElo "2354"]
[BlackElo "2138"]
[Annotator "NA"]
[PlyCount "61"]
[EventDate "2019.07.19"]
[EventType "swiss"]
[EventCountry "CZE"]
[SourceTitle "playchess.com"]
[Source "ChessBase"]
[SourceQuality "1"]

1. d4 d5 2. c4 Nc6 3. Nc3 dxc4 4. e3 e5 5. d5 Na5 6. Qa4+ c6 7. dxc6 Nxc6 8. Bxc4 Nf6 9. Nf3 Bd6 10. e4 Bd7 11. Qd1 Bg4 12. h3 Bxf3 13. Qxf3 Nd4 14. Qd3 a6 15. O-O Rc8 16. Be3 O-O 17. Rad1 Bb8 18. a4 Qa5 19. Bg5 Nd7 20. Nd5 Nc5 21. Qe3 Qxa4 22. b3 Ncxb3 23. Bf6 Rc6 24. Qg5 Rxf6 25. Nxf6+ Kh8 26. Nh5 Rg8 27. Bxf7 h6 28. Qg4 g6 29. Bxg8 gxh5 30. Qc8 Kg7 31. Qxb8 1-0

[Event "Czech Open GM 2019"]
[Site "Pardubice"]
[Date "2019.07.22"]
[Round "4.43"]
[White "Nguyen, Alex Dac-Vuong"]
[Black "Lieberwirth, Kasimir"]
[Result "1/2-1/2"]
[WhiteElo "2267"]
[BlackElo "2035"]
[Annotator "NA"]
[PlyCount "34"]
[EventDate "2019.07.19"]
[EventType "swiss"]
[EventCountry "CZE"]
[SourceTitle "playchess.com"]
[Source "ChessBase"]
[SourceQuality "1"]

1. d4 c5 2. d5 Nf6 3. c4 b5 4. Qc2 g6 5. e4 d6 6. cxb5 a6 7. Nc3 Bg7 8. Nf3 O-O 9. Bc4 axb5 10. Bxb5 Ba6 11. O-O Qb6 12. a4 Bxb5 13. Nxb5 Na6 14. Nd2 Nb4 15. Qb3 Nd7 16. Nc4 Qb7 17. Bd2 f5 1/2-1/2

[Event "Czech Open GM 2019"]
[Site "Pardubice"]
[Date "2019.07.22"]
[Round "4.44"]
[White "Jeet, Jain"]
[Black "Grund, Sebastian"]
[Result "1-0"]
[WhiteElo "2258"]
[BlackElo "2016"]
[Annotator "NA"]
[PlyCount "69"]
[EventDate "2019.07.19"]
[EventType "swiss"]
[EventCountry "CZE"]
[SourceTitle "playchess.com"]
[Source "ChessBase"]
[SourceQuality "1"]

1. e4 c5 2. Nf3 Nc6 3. Nc3 g6 4. d4 cxd4 5. Nxd4 Bg7 6. Nb3 Nf6 7. Be2 O-O 8. O-O d6 9. Bg5 Be6 10. Kh1 Qd7 11. f4 Ng4 12. Qd2 Bxb3 13. axb3 Bd4 14. Bb5 Bxc3 15. bxc3 a6 16. Bc4 b5 17. Bd5 Qc7 18. f5 Nge5 19. Qf4 Kh8 20. Bh6 Rfe8 21. f6 e6 22. Bg7+ Kg8 23. Bxc6 Qxc6 24. h3 g5 25. Qe3 Rec8 26. Rae1 Qxc3 27. Qxg5 Ng6 28. Re3 Qd2 29. Qh6 Rxc2 30. Rg1 Rc1 31. Rxc1 Qxc1+ 32. Kh2 Qc5 33. Bh8 Qe5+ 34. Rg3 Kxh8 35. Qg7# 1-0

[Event "Czech Open GM 2019"]
[Site "Pardubice"]
[Date "2019.07.22"]
[Round "4.44"]
[White "Shpanko, Nadiia"]
[Black "Parkhov, Yair"]
[Result "1/2-1/2"]
[WhiteElo "2132"]
[BlackElo "2354"]
[Annotator "NA RC"]
[PlyCount "37"]
[EventDate "2019.07.19"]
[EventType "swiss"]
[EventCountry "CZE"]
[SourceTitle "playchess.com"]
[Source "ChessBase"]
[SourceQuality "1"]

1. d4 d5 2. c4 e6 3. Nc3 c6 4. e4 dxe4 5. Nxe4 Bb4+ 6. Bd2 Qxd4 7. Bxb4 Qxe4+ 8. Ne2 Na6 9. Bf8 Ne7 10. Bxg7 Nb4 11. Bxh8 e5 12. Qd6 Nc2+ 13. Kd2 Bf5 14. Ng3 Qf4+ 15. Kc3 Nd5+ 16. cxd5 Qd4+ 17. Kb3 Nxa1+ 18. Ka3 Nc2+ 19. Kb3 1/2-1/2

[Event "Czech Open GM 2019"]
[Site "Pardubice"]
[Date "2019.07.22"]
[Round "4.46"]
[White "Jasny, Stanislav"]
[Black "Gloser, David"]
[Result "1-0"]
[WhiteElo "2345"]
[BlackElo "2123"]
[Annotator "NA"]
[PlyCount "65"]
[EventDate "2019.07.19"]
[EventType "swiss"]
[EventCountry "CZE"]
[SourceTitle "playchess.com"]
[Source "ChessBase"]
[SourceQuality "1"]

1. e4 c6 2. d4 d5 3. e5 Bf5 4. Nf3 e6 5. a3 Nd7 6. Be2 h6 7. O-O Ne7 8. Nbd2 g5 9. Nb3 Qc7 10. Bd2 Bg7 11. Bb4 Nc8 12. a4 f6 13. Nc5 Nxc5 14. Bxc5 b6 15. Ba3 fxe5 16. Nxe5 Bxe5 17. Bh5+ Kd7 18. dxe5 Qxe5 19. c4 Nd6 20. Re1 Qf6 21. Bxd6 Kxd6 22. a5 Qxb2 23. cxd5 exd5 24. Qf3 Rhf8 25. axb6 Qxb6 26. Qg3+ Kd7 27. Qe5 Qd8 28. Qg7+ Kc8 29. Rac1 Bd7 30. Rxc6+ Bxc6 31. Bg4+ Bd7 32. Bxd7+ Kb7 33. Be8+ 1-0

[Event "Czech Open GM 2019"]
[Site "Pardubice"]
[Date "2019.07.22"]
[Round "4.47"]
[White "Rakshitta Ravi"]
[Black "Ter-Saakian, Grigorii"]
[Result "1/2-1/2"]
[WhiteElo "2112"]
[BlackElo "2338"]
[Annotator "NA"]
[PlyCount "72"]
[EventDate "2019.07.19"]
[EventType "swiss"]
[EventCountry "CZE"]
[SourceTitle "playchess.com"]
[Source "ChessBase"]
[SourceQuality "1"]

1. e4 d5 2. exd5 Qxd5 3. Nc3 Qd6 4. d4 Nf6 5. Nf3 c6 6. g3 Bg4 7. Bg2 e6 8. O-O Qc7 9. Bg5 Nbd7 10. Re1 Be7 11. Bf4 Bd6 12. Bxd6 Qxd6 13. Qd2 Bxf3 14. Bxf3 O-O 15. Rad1 Rad8 16. a3 Rfe8 17. Qc1 h6 18. Ne4 Nxe4 19. Bxe4 Nf6 20. Bf3 Qc7 21. c4 Rd7 22. Rd2 Red8 23. Red1 e5 24. dxe5 Rxd2 25. Rxd2 Rxd2 26. Qxd2 Qxe5 27. Kg2 g5 28. h3 Kg7 29. Qb4 Qc7 30. c5 Nd7 31. Qd4+ Ne5 32. Be4 f6 33. f4 Nf7 34. Bf5 b6 35. b4 bxc5 36. bxc5 Qd8 1/2-1/2

[Event "Czech Open GM 2019"]
[Site "Pardubice"]
[Date "2019.07.22"]
[Round "4.48"]
[White "Dobrovoljc, Vid"]
[Black "Dovzhenko, Viktor"]
[Result "1/2-1/2"]
[WhiteElo "2334"]
[BlackElo "2100"]
[Annotator "NA"]
[PlyCount "103"]
[EventDate "2019.07.19"]
[EventType "swiss"]
[EventCountry "CZE"]
[SourceTitle "playchess.com"]
[Source "ChessBase"]
[SourceQuality "1"]

1. d4 g6 2. c4 Bg7 3. Nc3 d6 4. Nf3 e5 5. e4 Nd7 6. Bg5 Ngf6 7. d5 a5 8. h3 Nc5 9. Nd2 h6 10. Be3 b6 11. g4 h5 12. g5 Nh7 13. h4 Bg4 14. f3 Bd7 15. b3 f6 16. Rg1 fxg5 17. hxg5 Bf8 18. f4 exf4 19. Bd4 Rg8 20. Qf3 Nxg5 21. Qxf4 Nh3 22. Qg3 Nxg1 23. O-O-O Nh3 24. Bxh3 Bxh3 25. Qxh3 Qd7 26. Qe3 O-O-O 27. Nb5 Bg7 28. Bxc5 dxc5 29. e5 Qf5 30. Re1 Rde8 31. e6 Qf6 32. d6 cxd6 33. Nxd6+ Kb8 34. Nxe8 Rxe8 35. e7 Qc3+ 36. Qxc3 Bxc3 37. Re6 Kc7 38. Nf3 g5 39. Nxg5 Kd7 40. Rxb6 Rxe7 41. Rh6 Bg7 42. Rh7 Kc8 43. Kd1 Bf6 44. Rxe7 Bxe7 45. Nh3 Kd7 46. Ke2 a4 47. bxa4 Kc6 48. Nf4 h4 49. Kf3 Kb7 50. Kg4 Ka6 51. Nd3 Ka5 52. Nxc5 1/2-1/2

[Event "Czech Open GM 2019"]
[Site "Pardubice"]
[Date "2019.07.22"]
[Round "4.49"]
[White "Beukes, Dante M"]
[Black "Ludvik, Tomas"]
[Result "1/2-1/2"]
[WhiteElo "2016"]
[BlackElo "2334"]
[Annotator "NA"]
[PlyCount "54"]
[EventDate "2019.07.19"]
[EventType "swiss"]
[EventCountry "CZE"]
[SourceTitle "playchess.com"]
[Source "ChessBase"]
[SourceQuality "1"]

1. e4 e6 2. d4 d5 3. Nc3 dxe4 4. Nxe4 Nd7 5. Nf3 Ngf6 6. Nxf6+ Nxf6 7. Bd3 Be7 8. O-O O-O 9. Ne5 c5 10. Be3 Qc7 11. Qf3 Rd8 12. c3 Bd7 13. Bg5 Be8 14. Qh3 cxd4 15. Bxf6 Bxf6 16. Qxh7+ Kf8 17. Ng4 Qf4 18. Nxf6 Qxf6 19. cxd4 Rxd4 20. Bb5 Rh4 21. Qd3 Qe5 22. Qa3+ Kg8 23. Qg3 Qxg3 24. hxg3 Bxb5 25. gxh4 Bxf1 26. Kxf1 Rc8 27. Re1 Rc2 1/2-1/2

[Event "Czech Open GM 2019"]
[Site "Pardubice"]
[Date "2019.07.22"]
[Round "4.50"]
[White "Kataev, Aleksandr"]
[Black "Cerveny, Petr"]
[Result "0-1"]
[WhiteElo "1913"]
[BlackElo "2333"]
[Annotator "NA"]
[PlyCount "78"]
[EventDate "2019.07.19"]
[EventType "swiss"]
[EventCountry "CZE"]
[SourceTitle "playchess.com"]
[Source "ChessBase"]
[SourceQuality "1"]

1. d4 d6 2. c4 e5 3. Nf3 e4 4. Nfd2 f5 5. e3 Nf6 6. Be2 g6 7. Nc3 Bg7 8. O-O O-O 9. b4 Be6 10. Bb2 Nbd7 11. Nb3 Bf7 12. Na5 Rb8 13. f4 d5 14. c5 c6 15. Qd2 Kh8 16. a4 Rg8 17. Nd1 Nf8 18. b5 Be8 19. Bc3 Bh6 20. Kh1 Ne6 21. g3 Bd7 22. Rb1 Qc7 23. b6 axb6 24. cxb6 Qd8 25. Rb2 Bc8 26. Nf2 Ra8 27. Rfb1 g5 28. Qc2 gxf4 29. exf4 Qe8 30. Nb3 Rxa4 31. Na5 Ra3 32. Bb4 Rxa5 33. Bxa5 Nxf4 34. gxf4 Qg6 35. Bf3 exf3 36. Nd3 Ne4 37. Qd1 f2 38. Qf1 Qh5 39. Rxf2 Ng3+ 0-1

[Event "Czech Open GM 2019"]
[Site "Pardubice"]
[Date "2019.07.22"]
[Round "4.51"]
[White "Gazik, Viktor"]
[Black "Horak, Martin"]
[Result "1-0"]
[WhiteElo "2525"]
[BlackElo "2254"]
[Annotator "ChessBase"]
[PlyCount "121"]
[EventDate "2019.07.19"]
[EventType "swiss"]
[EventCountry "CZE"]
[SourceTitle "playchess.com"]
[Source "ChessBase"]
[SourceQuality "1"]

1. d4 Nf6 2. c4 e6 3. Nc3 Bb4 4. Qc2 d5 5. a3 Bxc3+ 6. Qxc3 dxc4 7. Qxc4 b6 8. Nf3 Ba6 9. Qa4+ Qd7 10. Qc2 O-O 11. Bg5 c5 12. dxc5 Rc8 13. Bxf6 gxf6 14. Rd1 Qe7 15. Qe4 Qxc5 16. e3 Nc6 17. Bxa6 Qa5+ 18. Ke2 Qxa6+ 19. Rd3 Qb5 20. b3 Rd8 21. Rhd1 f5 22. Qh4 Rxd3 23. Rxd3 Rd8 24. Nd4 Qd5 25. Qg5+ Kh8 26. Qf6+ Kg8 27. Qg5+ Kh8 28. Qf6+ Kg8 29. Ke1 Qe5 30. Qg5+ Qg7 31. Qh4 Qxg2 32. Rc3 Qh1+ 33. Kd2 Qe4 34. Qg5+ Kf8 35. f3 Rxd4+ 36. exd4 Qxd4+ 37. Kc2 Qf2+ 38. Kb1 Qf1+ 39. Kb2 Qf2+ 40. Kb1 Qf1+ 41. Kb2 Qf2+ 42. Rc2 Qxf3 43. Qh6+ Ke7 44. Qh4+ Kd6 45. Rd2+ Ke5 46. Qxh7 Nd4 47. Qg7+ f6 48. Qc7+ Ke4 49. Qc4 e5 50. h4 f4 51. a4 Qe3 52. Rh2 f3 53. h5 Qf4 54. Rh1 Qd2+ 55. Ka3 Ke3 56. Rc1 f2 57. h6 Nc2+ 58. Rxc2 Qxc2 59. Qxc2 f1=Q 60. Kb2 e4 61. h7 1-0

[Event "Czech Open GM 2019"]
[Site "Pardubice"]
[Date "2019.07.22"]
[Round "4.52"]
[White "Smid, Miroslav"]
[Black "Gavrilescu, David"]
[Result "1/2-1/2"]
[WhiteElo "2251"]
[BlackElo "2473"]
[Annotator "ChessBase"]
[PlyCount "89"]
[EventDate "2019.07.19"]
[EventType "swiss"]
[EventCountry "CZE"]
[SourceTitle "playchess.com"]
[Source "ChessBase"]
[SourceQuality "1"]

1. e4 c6 2. d4 d5 3. e5 c5 4. dxc5 e6 5. Be3 Nd7 6. Bb5 Qc7 7. Nf3 Bxc5 8. Bxc5 Qxc5 9. Qe2 Ne7 10. O-O O-O 11. Bd3 Ng6 12. g3 Qb6 13. c3 Nc5 14. Bxg6 fxg6 15. Nd4 Na4 16. Nb3 Bd7 17. Re1 Rf7 18. Na3 Raf8 19. Rf1 g5 20. Rad1 Be8 21. Rd2 a6 22. Qg4 Rf5 23. Qd4 Qc7 24. Re1 Qe7 25. Nc2 b6 26. Ne3 R5f7 27. c4 dxc4 28. Nxc4 Bc6 29. Qd6 Qe8 30. Nd4 Bd5 31. Ne3 Rd7 32. Qb4 b5 33. Nxd5 Rxd5 34. Nb3 Qa8 35. Qe7 Rxd2 36. Qxe6+ Kh8 37. Nxd2 Nxb2 38. Ne4 h6 39. Qg6 Nc4 40. Nd6 Qa7 41. Qc2 Qd4 42. Nxc4 bxc4 43. e6 c3 44. e7 Re8 45. Re3 1/2-1/2

[Event "Czech Open GM 2019"]
[Site "Pardubice"]
[Date "2019.07.23"]
[Round "5.1"]
[White "Movsesian, Sergei"]
[Black "Nagy, Gabor"]
[Result "1-0"]
[WhiteElo "2649"]
[BlackElo "2474"]
[Annotator "TA"]
[PlyCount "83"]
[EventDate "2019.07.19"]
[EventType "swiss"]
[EventCountry "CZE"]
[SourceTitle "playchess.com"]
[Source "ChessBase"]
[SourceQuality "1"]

1. e4 c5 2. Nc3 Nc6 3. Nge2 g6 4. d4 cxd4 5. Nxd4 Bg7 6. Be3 Nf6 7. Bc4 Qa5 8. O-O O-O 9. Bb3 d6 10. h3 Bd7 11. Nde2 b5 12. Ng3 Ne5 13. a4 b4 14. Nd5 Nxd5 15. exd5 Rac8 16. Bd4 e6 17. Ne4 Qc7 18. f4 exd5 19. Bxd5 Bc6 20. fxe5 Bxd5 21. Nxd6 Qxc2 22. Bf2 Rc5 23. Qd4 Ra5 24. Qxb4 Ra6 25. Rfc1 Qb3 26. Qb5 Qxb5 27. Nxb5 Bb3 28. Ra3 Be6 29. Nc7 Ra5 30. Rc5 Rxc5 31. Bxc5 Rb8 32. Nxe6 fxe6 33. Bxa7 Rxb2 34. a5 Bxe5 35. a6 Bd6 36. Ra1 Kf7 37. Be3 Rb8 38. a7 Ra8 39. Rd1 Bg3 40. Rd7+ Kf6 41. Rxh7 Ke5 42. Kf1 1-0

[Event "Czech Open GM 2019"]
[Site "Pardubice"]
[Date "2019.07.23"]
[Round "5.1"]
[White "Roshka, Yevgeniy"]
[Black "Karttunen, Mika"]
[Result "1/2-1/2"]
[WhiteElo "2353"]
[BlackElo "2466"]
[Annotator "ChessBase"]
[PlyCount "90"]
[EventDate "2019.07.19"]
[EventType "swiss"]
[EventCountry "CZE"]
[SourceTitle "playchess.com"]
[Source "ChessBase"]
[SourceQuality "1"]

1. d4 d5 2. c4 c6 3. Nc3 Nf6 4. Nf3 dxc4 5. e4 b5 6. Be2 e6 7. O-O Be7 8. a4 b4 9. e5 bxc3 10. exf6 Bxf6 11. bxc3 Ba6 12. Ne5 O-O 13. Ba3 Be7 14. Qc1 Bxa3 15. Qxa3 Nd7 16. Bxc4 Bxc4 17. Nxc4 c5 18. Rfd1 cxd4 19. Rxd4 Qc8 20. Rad1 Nf6 21. Ne3 Qc7 22. h3 Rac8 23. Rc4 Qe5 24. Qe7 Qb8 25. Rb4 Qc7 26. Rb7 Qxe7 27. Rxe7 a5 28. Ra7 Ra8 29. Rxa8 Rxa8 30. Rd6 Ne4 31. Rc6 h5 32. f3 Nd2 33. Rc5 Nb1 34. Kf2 g6 35. Ke1 Rd8 36. Nd1 Rd3 37. Rxa5 Nxc3 38. Nxc3 Rxc3 39. h4 Rc2 40. Kf1 Kg7 41. f4 Kf6 42. g3 Rc3 43. Kf2 Rc2+ 44. Kf3 Rc3+ 45. Kf2 Rc2+ 1/2-1/2

[Event "Czech Open GM 2019"]
[Site "Pardubice"]
[Date "2019.07.23"]
[Round "5.2"]
[White "Saduakassova, Dinara"]
[Black "Laznicka, Viktor"]
[Result "0-1"]
[WhiteElo "2474"]
[BlackElo "2658"]
[Annotator "TA"]
[PlyCount "128"]
[EventDate "2019.07.19"]
[EventType "swiss"]
[EventCountry "CZE"]
[SourceTitle "playchess.com"]
[Source "ChessBase"]
[SourceQuality "1"]

1. d4 d5 2. c4 c6 3. Nf3 Nf6 4. e3 a6 5. Bd3 Bg4 6. Nbd2 e6 7. b3 c5 8. dxc5 Bxc5 9. O-O Nc6 10. h3 Bh5 11. cxd5 Nxd5 12. Ne4 Be7 13. Bb2 O-O 14. Ng3 Bg6 15. Bxg6 hxg6 16. Qd2 a5 17. Rfd1 a4 18. e4 Nf6 19. bxa4 Qxd2 20. Rxd2 Rxa4 21. Bxf6 Bxf6 22. Rb1 Rb8 23. Rb5 Kf8 24. e5 Bd8 25. Ne2 Ke8 26. Rc2 Rb4 27. Rxb4 Nxb4 28. Rb2 Be7 29. Nc3 Nd3 30. Rd2 Nf4 31. Nb5 Nd5 32. Rc2 Kd7 33. Nd2 f5 34. exf6 gxf6 35. Nb3 Ra8 36. g3 Ra4 37. Kg2 Rb4 38. N5d4 e5 39. Ne2 Ke6 40. Nec1 b6 41. Ne2 Ra4 42. Rd2 Rc4 43. Rb2 f5 44. Nd2 Ra4 45. Nb1 Bc5 46. Nbc3 Nxc3 47. Nxc3 Rc4 48. Nb5 g5 49. Rd2 Bb4 50. Rb2 e4 51. Nc7+ Kd6 52. Na8 b5 53. Nb6 Rd4 54. Nc8+ Kc5 55. Ne7 f4 56. gxf4 gxf4 57. h4 Bc3 58. Rc2 Kc4 59. Ng6 f3+ 60. Kg3 Rd1 61. Nf4 Rg1+ 62. Kh3 b4 63. Kh2 Rg4 64. Nh3 Kd3 0-1

[Event "Czech Open GM 2019"]
[Site "Pardubice"]
[Date "2019.07.23"]
[Round "5.2"]
[White "Abdumalik, Zhansaya"]
[Black "Rudolf, Michal"]
[Result "1-0"]
[WhiteElo "2458"]
[BlackElo "2351"]
[Annotator "TA"]
[PlyCount "124"]
[EventDate "2019.07.19"]
[EventType "swiss"]
[EventCountry "CZE"]
[SourceTitle "playchess.com"]
[Source "ChessBase"]
[SourceQuality "1"]

1. e4 e6 2. d4 d5 3. Nc3 Nf6 4. e5 Nfd7 5. f4 c5 6. Nf3 Be7 7. Be3 b6 8. Qd2 O-O 9. Be2 Nc6 10. O-O f5 11. Nd1 cxd4 12. Nxd4 Nxd4 13. Bxd4 Nb8 14. c3 Ba6 15. Bxa6 Nxa6 16. b4 Nb8 17. Ne3 Nc6 18. Nc2 Qc7 19. a3 Rac8 20. Rac1 Qd7 21. Be3 Rc7 22. Kh1 Rfc8 23. Qe2 Nd8 24. Bd4 Bf8 25. Rcd1 Nc6 26. g4 Qf7 27. Ne3 Ne7 28. h3 Qg6 29. Kh2 fxg4 30. Qxg4 Qxg4 31. hxg4 Nc6 32. Rd3 g6 33. Rf3 Bg7 34. Ng2 Rf7 35. b5 Na5 36. f5 gxf5 37. gxf5 Rxf5 38. Rxf5 exf5 39. Rg3 Kh8 40. Nf4 Nc4 41. e6 Bxd4 42. cxd4 Re8 43. a4 Nd2 44. Rc3 Re7 45. Kh3 Kg7 46. Nxd5 Rxe6 47. Rc7+ Kh8 48. Rxa7 Nf3 49. a5 Rd6 50. a6 Rxd5 51. Ra8+ Kg7 52. a7 Ng5+ 53. Kg2 Rxb5 54. Rg8+ Kxg8 55. a8=Q+ Kg7 56. Qb7+ Nf7 57. Kf3 Rb3+ 58. Kf4 Rb1 59. Qg2+ Kf6 60. Qh3 Ke7 61. Qe3+ Kf6 62. Qd3 Ke7 1-0

[Event "Czech Open GM 2019"]
[Site "Pardubice"]
[Date "2019.07.23"]
[Round "5.3"]
[White "Basso, Pier Luigi"]
[Black "Vykouk, Jan"]
[Result "1/2-1/2"]
[WhiteElo "2559"]
[BlackElo "2453"]
[Annotator "ChessBase"]
[PlyCount "144"]
[EventDate "2019.07.19"]
[EventType "swiss"]
[EventCountry "CZE"]
[SourceTitle "playchess.com"]
[Source "ChessBase"]
[SourceQuality "1"]

1. d4 Nf6 2. c4 g6 3. f3 Bg7 4. e4 d6 5. Nc3 O-O 6. Nge2 a6 7. Be3 Nbd7 8. Qd2 b5 9. Ng3 c6 10. Be2 Nb6 11. b3 bxc4 12. bxc4 a5 13. Rc1 Ba6 14. Nd1 d5 15. e5 Nfd7 16. Nb2 a4 17. a3 Nxc4 18. Nxc4 dxc4 19. Bxc4 c5 20. f4 cxd4 21. Qxd4 g5 22. Nf5 gxf4 23. Bxf4 Nxe5 24. Bxe5 Qa5+ 25. Ke2 Bxe5 26. Qd5 Bf6 27. Qxa5 Bxc4+ 28. Rxc4 Rxa5 29. Ne3 Rb8 30. Rhc1 Re5 31. Rc8+ Rxc8 32. Rxc8+ Kg7 33. Kf3 Rb5 34. Ke4 e6 35. Rc4 Rb2 36. Nc2 Be7 37. Kd3 Rb3+ 38. Ke2 Bxa3 39. Rg4+ Kf6 40. Rxa4 Bd6 41. Rh4 Kg7 42. Rg4+ Kh8 43. h3 Rg3 44. Rxg3 Bxg3 45. Kf3 Bd6 46. g4 Kg7 47. Ke4 Kg6 48. Nd4 Bg3 49. Nf3 h6 50. Nd4 Kf6 51. Nf3 Ke7 52. Nd4 Kd6 53. Nf3 Ke7 54. Nd4 Be1 55. Nf3 Bc3 56. Kd3 Bb2 57. Ke4 Kd6 58. Nd2 Bf6 59. Nf3 Bc3 60. Ng1 Ke7 61. Nf3 Kf6 62. Kd3 Ba5 63. Ke4 Bc7 64. Nh4 Bh2 65. Nf3 Bg3 66. Nd4 Kg6 67. Nf3 f5+ 68. gxf5+ exf5+ 69. Kd3 Bc7 70. Ke3 Kf6 71. Nh4 Bg3 72. Nxf5 Ke5 1/2-1/2

[Event "Czech Open GM 2019"]
[Site "Pardubice"]
[Date "2019.07.23"]
[Round "5.3"]
[White "Cerveny, Petr"]
[Black "Ostrovskiy, Aleksandr"]
[Result "1-0"]
[WhiteElo "2333"]
[BlackElo "2453"]
[Annotator "ChessBase"]
[PlyCount "59"]
[EventDate "2019.07.19"]
[EventType "swiss"]
[EventCountry "CZE"]
[SourceTitle "playchess.com"]
[Source "ChessBase"]
[SourceQuality "1"]

1. e4 e6 2. d3 c5 3. Nf3 Nc6 4. g3 Nge7 5. Bg2 g6 6. h4 h6 7. c3 Bg7 8. Na3 e5 9. Be3 d6 10. Qd2 b6 11. d4 exd4 12. cxd4 Ba6 13. Nc2 f5 14. e5 dxe5 15. Nxe5 Bxe5 16. dxe5 Nxe5 17. Bxa8 Nd3+ 18. Kf1 Qxa8 19. Kg1 Kf7 20. Bf4 Rd8 21. Ne1 Nxe1 22. Qxe1 Bb7 23. Rh2 h5 24. Bg5 Re8 25. Qd2 Nd5 26. Re1 Qc8 27. f3 Nb4 28. Rxe8 Kxe8 29. Re2+ Kf8 30. Qd6+ 1-0

[Event "Czech Open GM 2019"]
[Site "Pardubice"]
[Date "2019.07.23"]
[Round "5.4"]
[White "Stocek, Jiri"]
[Black "Galperin, Platon"]
[Result "1-0"]
[WhiteElo "2556"]
[BlackElo "2445"]
[Annotator "ChessBase"]
[PlyCount "63"]
[EventDate "2019.07.19"]
[EventType "swiss"]
[EventCountry "CZE"]
[SourceTitle "playchess.com"]
[Source "ChessBase"]
[SourceQuality "1"]

1. d4 Nf6 2. Nf3 e6 3. Bg5 h6 4. Bh4 c5 5. e3 cxd4 6. exd4 Qb6 7. Nbd2 Qxb2 8. Bd3 Nc6 9. Rb1 Qc3 10. Bxf6 gxf6 11. O-O d5 12. Rb3 Qa5 13. c4 Bb4 14. cxd5 exd5 15. a3 Bxd2 16. Nxd2 Nxd4 17. Re1+ Kf8 18. Rb4 Nc6 19. Qf3 f5 20. Bb5 Rg8 21. Qc3 d4 22. Qc5+ Kg7 23. Nc4 Qc7 24. Nd6 Kh7 25. Ne8 Qd8 26. Bxc6 bxc6 27. Qxc6 Be6 28. Rxe6 Rxe8 29. Rb7 Rc8 30. Rxf7+ Kg8 31. Rxe8+ Kxf7 32. Qe6+ 1-0

[Event "Czech Open GM 2019"]
[Site "Pardubice"]
[Date "2019.07.23"]
[Round "5.4"]
[White "Cernousek, Lukas"]
[Black "Yandarbiev, Ruslan"]
[Result "1-0"]
[WhiteElo "2451"]
[BlackElo "2270"]
[Annotator "ChessBase"]
[PlyCount "85"]
[EventDate "2019.07.19"]
[EventType "swiss"]
[EventCountry "CZE"]
[SourceTitle "playchess.com"]
[Source "ChessBase"]
[SourceQuality "1"]

1. d4 Nf6 2. c4 g6 3. g3 Bg7 4. Bg2 O-O 5. Nf3 d6 6. O-O Nbd7 7. Nc3 e5 8. e4 c6 9. h3 exd4 10. Nxd4 Qb6 11. Nde2 Nc5 12. Rb1 Re8 13. Be3 Qc7 14. f3 a5 15. Qd2 Nfd7 16. b3 Ne5 17. f4 Ned3 18. a3 f5 19. b4 axb4 20. axb4 Nxe4 21. Qxd3 Ra3 22. Rfc1 Bxc3 23. Nxc3 Nxg3 24. Ra1 Rb3 25. Rab1 Ra3 26. Qd2 Be6 27. Bf2 Nh5 28. Nd5 Qf7 29. Nb6 g5 30. fxg5 f4 31. Rc3 Rxc3 32. Qxc3 Qf5 33. Re1 Qxg5 34. Kh2 Kf7 35. Qd4 Nf6 36. Qxd6 Qh6 37. Qd3 Rg8 38. Kh1 Ng4 39. Bc5 Qg5 40. Qe2 Ne5 41. Rf1 Qg3 42. Bd6 Ng6 43. Qf3 1-0

[Event "Czech Open GM 2019"]
[Site "Pardubice"]
[Date "2019.07.23"]
[Round "5.5"]
[White "Bryzgalin, Kirill"]
[Black "Babula, Vlastimil"]
[Result "1/2-1/2"]
[WhiteElo "2437"]
[BlackElo "2550"]
[Annotator "ChessBase"]
[PlyCount "67"]
[EventDate "2019.07.19"]
[EventType "swiss"]
[EventCountry "CZE"]
[SourceTitle "playchess.com"]
[Source "ChessBase"]
[SourceQuality "1"]

1. d4 Nf6 2. Nf3 e6 3. Bg5 h6 4. Bh4 c5 5. e3 cxd4 6. Nxd4 Nc6 7. c3 d5 8. Nd2 Be7 9. Bd3 O-O 10. O-O Re8 11. Re1 Bd7 12. Rc1 Rc8 13. Bg3 Bf8 14. Nxc6 Bxc6 15. e4 Qb6 16. e5 Nd7 17. b4 a5 18. a3 Bb5 19. Bb1 axb4 20. axb4 Rc7 21. Nf3 Rec8 22. Qc2 g6 23. Qd2 Nb8 24. Bf4 h5 25. Be3 Qa6 26. Nd4 Be8 27. Bd3 Qa3 28. Ne2 d4 29. Bxd4 Nc6 30. Ra1 Qb3 31. Rab1 Qa3 32. Ra1 Qb3 33. Rab1 Qa3 34. Ra1 1/2-1/2